[Event "POL-ch sf blind"]
[Site "Zawoja Osrodek"]
[Date "2010.04.12"]
[Round "5.8"]
[White "Fryzowski, Grzegorz"]
[Black "Kowalczyk, Marian"]
[Result "0-1"]
[WhiteElo "1617"]
[BlackElo "2028"]
[PlyCount "70"]
[EventDate "2010.04.08"]
[EventType "swiss"]
[EventRounds "9"]
[EventCountry "POL"]
[SourceTitle "EXT 2023"]
[Source "ChessBase"]
[SourceDate "2022.10.05"]
[SourceVersion "1"]
[SourceVersionDate "2022.10.05"]
[SourceQuality "1"]

1. e4 c5 2. f4 e6 3. Nf3 d5 4. e5 Nc6 5. Be2 Be7 6. 0-0 f6 7. Nc3 Qb6 8. Kh1 Bd7 9. b3 0-0-0 10. a4 Nh6 11. d3 Nf5 12. Bd2 h6 13. Qe1 Ncd4 14. Bd1 Rdg8 15. Ne2 Nxf3 16. Rxf3 g5 17. a5 Qc7 18. a6 b6 19. exf6 Bxf6 20. Ra2 g4 21. Rf1 Bh4 22. g3 Bf6 23. c3 h5 24. d4 h4 25. Bc2 hxg3 26. Bxf5 Rxh2+ 27. Kg1 exf5 28. Nxg3 Rgh8 29. Rf2 R2h3 30. Rg2 Bh4 31. Kf2 Re8 32. Be3 Bb5 33. Ra1 Qe7 34. Bd2 Qh7 35. Qb1 Re2+ 0-1

[Event "POL-ch sf blind"]
[Site "Zawoja Osrodek"]
[Date "2010.04.09"]
[Round "1.14"]
[White "Fryzowski, Grzegorz"]
[Black "Sargalski, Andrzej"]
[Result "0-1"]
[WhiteElo "1617"]
[BlackElo "1968"]
[PlyCount "58"]
[EventDate "2010.04.08"]
[EventType "swiss"]
[EventRounds "9"]
[EventCountry "POL"]
[SourceTitle "EXT 2023"]
[Source "ChessBase"]
[SourceDate "2022.10.05"]
[SourceVersion "1"]
[SourceVersionDate "2022.10.05"]
[SourceQuality "1"]

1. d4 d5 2. c4 c6 3. Nf3 Bf5 4. Bf4 dxc4 5. Nc3 Nf6 6. e3 b5 7. a4 Qb6 8. d5 b4 9. a5 Qc5 10. Nd4 bxc3 11. Nxf5 cxb2 12. Rb1 Qb4+ 13. Qd2 c3 14. Qc2 Nxd5 15. Be5 f6 16. Bd4 e6 17. Bd3 c5 18. Bxf6 Nxf6 19. Ng3 Nc6 20. 0-0 Rd8 21. Ne2 Ne5 22. Bb5+ Qxb5 23. Qxc3 Qxe2 24. Qxe5 Qc4 25. Rxb2 Bd6 26. Qg5 0-0 27. Rb7 Rf7 28. Rxf7 Kxf7 29. Rb1 Rb8 0-1

[Event "Suwalki Elo op"]
[Site "Suwalki"]
[Date "2008.01.23"]
[Round "5"]
[White "Fryzowski, Grzegorz"]
[Black "Kalejta, Arkadiusz"]
[Result "0-1"]
[WhiteElo "1800"]
[BlackElo "1622"]
[PlyCount "70"]
[EventDate "2008.01.21"]
[EventType "swiss"]
[EventRounds "9"]
[EventCountry "POL"]
[SourceTitle "EXT 2010"]
[Source "ChessBase"]
[SourceDate "2010.11.25"]
[SourceVersion "1"]
[SourceVersionDate "2010.11.25"]
[SourceQuality "1"]

1. e4 e6 2. d4 d5 3. exd5 exd5 4. c4 dxc4 5. Bxc4 Bb4+ 6. Nc3 Nf6 7. a3 Bxc3+ 8. bxc3 0-0 9. Ne2 Nc6 10. Bg5 Bf5 11. 0-0 Qd6 12. Ng3 Bg6 13. Bd3 Bxd3 14. Qxd3 Rfe8 15. f3 Nd5 16. c4 Nde7 17. d5 Ne5 18. Qd4 N5g6 19. Ne4 Qa6 20. Rfc1 f6 21. Bd2 b6 22. a4 Rad8 23. a5 Nc6 24. Qb2 Nxa5 25. Bxa5 bxa5 26. Qc3 a4 27. Kh1 Ne5 28. Nc5 Qb6 29. Ne6 Rxe6 30. dxe6 Qxe6 31. Rxa4 Rd3 32. Qb4 Qd7 33. h3 Nxf3 34. Raa1 Rd2 35. c5 Qxh3+ 0-1

[Event "Suwalki Elo op"]
[Site "Suwalki"]
[Date "2008.01.21"]
[Round "1"]
[White "Pietruszewski, Marcin"]
[Black "Fryzowski, Grzegorz"]
[Result "1-0"]
[WhiteElo "1886"]
[BlackElo "1800"]
[PlyCount "91"]
[EventDate "2008.01.21"]
[EventType "swiss"]
[EventRounds "9"]
[EventCountry "POL"]
[SourceTitle "EXT 2010"]
[Source "ChessBase"]
[SourceDate "2010.11.25"]
[SourceVersion "1"]
[SourceVersionDate "2010.11.25"]
[SourceQuality "1"]

1. e4 e5 2. Nf3 d6 3. d4 exd4 4. Nxd4 Nf6 5. Nc3 Be7 6. Be2 0-0 7. 0-0 Nbd7 8. Nf5 Nc5 9. Nxe7+ Qxe7 10. f3 h6 11. Be3 b6 12. Qd2 Bb7 13. Rfe1 Rad8 14. Nd5 Nxd5 15. exd5 Qe5 16. c4 Rfe8 17. Bf1 Qh5 18. g4 Qg6 19. b4 Nd7 20. b5 Ne5 21. Kg2 h5 22. h3 Bc8 23. Bf4 hxg4 24. hxg4 f6 25. Bxe5 dxe5 26. Bd3 Qf7 27. Qc2 Qd7 28. Rh1 e4 29. Bxe4 Rxe4 30. Qxe4 Kf7 31. Rae1 Qd6 32. Re2 Bd7 33. Rhe1 Re8 34. Qh7 Rxe2+ 35. Rxe2 Qf4 36. Qe4 Qd6 37. f4 g6 38. g5 fxg5 39. fxg5 Qc5 40. Qe5 Qd6 41. Rf2+ Bf5 42. Rxf5+ gxf5 43. Qxd6 cxd6 44. Kf3 Kg7 45. Kf4 Kg6 46. a3 1-0